Financial services / (Record no. 101140)

MARC details
000 -LEADER
fixed length control field 00608nam a22002177a 4500
005 - DATE AND TIME OF LATEST TRANSACTION
control field 20160705172046.0
010 ## - LCCN (DPL NO)
LC control number ENG-115372
020 ## - INTERNATIONAL STANDARD BOOK NUMBER
Terms of availability 635.00
International Standard Book Number 9789339221867
020 ## - INTERNATIONAL STANDARD BOOK NUMBER
Terms of availability 635.00
International Standard Book Number 9339221869
035 ## - SYSTEM CONTROL NUMBER
System control number EN-98904
037 ## - SOURCE OF ACQUISITION
Source of stock number/acquisition DBAD/PUB
082 ## - DEWEY DECIMAL CLASSIFICATION NUMBER
Classification number 332
100 ## - MAIN ENTRY--PERSONAL NAME
Personal name Khan,M. Y.
245 ## - TITLE STATEMENT
Title Financial services /
Statement of responsibility, etc M. Y. Khan
250 ## - EDITION STATEMENT
Edition statement 8th edition
260 ## - PUBLICATION, DISTRIBUTION, ETC. (IMPRINT)
Place of publication, distribution, etc New Delhi
Name of publisher, distributor, etc McGraw Hill Education
Date of publication, distribution, etc 2015
270 ## - ADDRESS
Address P-24,Green Park Extention
City New Delhi
Postal code 110016
300 ## - PHYSICAL DESCRIPTION
Extent xx,Various Paging
Dimensions 24cm(pbk)
500 ## - GENERAL NOTE
General note Includes index
942 ## - ADDED ENTRY ELEMENTS (KOHA)
Source of classification or shelving scheme Dewey Decimal Classification
Item type English Books
Classification part 332.
Call number suffix KHA
Holdings
Withdrawn status Lost status Not for loan Collection code Home library Current library Date acquired Source of acquisition Cost, normal purchase price Full call number Barcode Copy number Cost, replacement price Koha item type
    Not For Loan Non-fiction D.B.Act.Division D.B.Act.Division 05/07/2016 DBAD/PUB 635.00 332 KHA EN-98904 1 635.00 English Books

© Delhi Public Library
Hit Counter
free hit counter